000 00637nam a2200265Ia 4500
005 20260121171648.0
008 008 260114s9999 xx 000 0 eng d
020 _a9789811525520
037 _aEBOOK
040 _aCRL
040 _beng
040 _cCRL
041 _2eng
041 _aeng
084 _qCRL
100 _aNobuoki Eshima
_91078969
245 0 _aStatistical Data Analysis and Entropy
260 _bSpringer
260 _bSpringer
260 _c2020
856 _uhttps://link.springer.com/openurl?genre=book&isbn=978-981-15-2552-0
942 _cEBOOK
999 _c1644699
_d1644699